Minecraft "The End" Advancements - Statistics

General Stats
  • This quiz has been taken 38 times
  • The average score is 6 of 9
Answer Stats
Answer % Correct
The End?
100%
Free the End
82%
The End... Again...
71%
Great View From Up Here
68%
The City at the End of the Game
68%
Remote Getaway
64%
Sky's the Limit
61%
You Need A Mint
57%
The Next Generation
50%
No matching quizzes found
Score Distribution
Percent of People with Each Score
Percentile by Number Answered
Your Score History
You have not taken this quiz